| 000 | 00601cam a22002053a 4500 | ||
|---|---|---|---|
| 001 | 37356 | ||
| 003 | PGUSA | ||
| 005 | 20140828083823.0 | ||
| 008 | 130316s2013||||xxu|||||s|||||000 | eng d | ||
| 040 |
_aPGUSA _beng |
||
| 042 | _adc | ||
| 100 | 1 |
_aCarpenter, Edward, _d1844-1929 |
|
| 245 | 1 | 0 |
_aSex = Love : _bAnd its Place in a Free Society _h[electronic resource] / _cEdward Carpenter |
| 260 |
_bProject Gutenberg, _c2013 |
||
| 506 | _aPublic domain in the USA. | ||
| 516 | _aElectronic text | ||
| 830 | 0 |
_aProject Gutenberg _v37356 |
|
| 856 | 4 | 0 | _uhttp://www.gutenberg.org/ebooks/37356 |
| 942 | _cEB | ||
| 999 |
_c266610 _d266610 |
||